000 00295nam a22001337a 4500
008 190226b xxu||||| |||| 00| 0 eng d
020 _a0894433601
041 _aeng
080 _a371
100 _a25
101 _aEDU
245 _aWritten Language Instruction
_cGunnm, T.P
942 _2udc
_cBK
999 _c54304
_d54304